000 01063nam a22002417a 4500
005 20170124102946.0
010 _aB-235735
020 _c200.00
035 _aB-235735
037 _bCen Lib/Ret
040 _aDPL
_bHN
082 _a921
_bलालाह
100 _aलाला हरदयाल
_9210
245 _aव्यक्तित्व विकास :
_cलाला हरदयाल; अनुवादक सत्यपाल विज
_bसंघर्ष और सफलता /
246 _aVyaktittv vikas : sangharsh or safalta /
_bby Lala Hardayal; anuvadak Satypal Vij
260 _aनयी दिल्ली
_bकिताबघर
_c2007
270 _a24/4855, अंसारी रोड, दरयागंज
_bनयी दिल्ली
_e110002
300 _a332पृ.
_c20सेमी(सजिल्द )
650 _aजीवनी
_x
_z
_949928
650 _aBiography
_97490
700 _aविज, सत्यपाल
_943761
942 _2ddc
_cHN
_h921
_mलालाह
999 _c112940
_d112940